Lingua
English
Deutsch
Español
Français
Italiano
日本語
Nederlands
Português
Português (Brasil)
中文(简体)
中文(繁體)
Türkçe
עברית
Gaeilge
Cymraeg
Ελληνικά
Català
Euskara
Русский
Čeština
Suomi
Svenska
polski
Dansk
slovenščina
اللغة العربية
বাংলা
Galego
Tiếng Việt
Hrvatski
हिंदी
Հայերէն
Українська
Tutti i Campi
Titolo
Autore
Soggetto
ISBN/ISSN
Tag
Identificatore
Cerca
Avanzata
Т. 10, № 2; Теоретическая и ма...
Citazione
Invia SMS
Invia email
Stampa
Esporta il record
Esporta a RefWorks
Esporta a EndNoteWeb
Esporta a EndNote
PLink permanente
Esportazione completata correttamente —
Т. 10, № 2; Теоретическая и математическая физика
Dettagli Bibliografici
Parent link:
Теоретическая и математическая физика: научный журнал/ Академия наук СССР (АН СССР). Т. 10, № 2.— , 1969-.— 0564-6162
Lingua:
russo
Pubblicazione:
1972
Natura:
MixedMaterials
Libro
KOHA link:
https://koha.lib.tpu.ru/cgi-bin/koha/opac-detail.pl?biblionumber=525725
Posseduto
Descrizione
Documenti analoghi
MARC21
MARC
LEADER
00000nam2a2200000 4500
001
525725
005
20231101111509.0
035
|a
(RuTPU)RU\TPU\prd\208579
035
|a
RU\TPU\prd\208578
090
|a
525725
100
|a
20131223a19729999k y0rusy50 ca
101
0
|a
rus
102
|a
RU
200
0
|a
Т. 10, № 2
210
|d
1972
461
1
|0
(RuTPU)RU\TPU\prd\1730
|x
0564-6162
|t
Теоретическая и математическая физика
|o
научный журнал
|f
Академия наук СССР (АН СССР)
|v
Т. 10, № 2
|d
1969-
801
0
|a
RU
|b
63413507
|c
20010227
|g
PSBO
801
1
|a
RU
|b
63413507
|c
20040920
|g
PSBO
801
2
|a
RU
|b
63413507
|c
20131223
|g
PSBO
942
|c
BK
999
|a
НТБ_ТПУ
|b
НФ
|e
-4/20130109
|p
П-7280
|u
0,00
|v
1
|x
32131
Documenti analoghi
Т. 10, № 1; Теоретическая и математическая физика
Pubblicazione: (1972)
Т. 10, № 3; Теоретическая и математическая физика
Pubblicazione: (1972)
Т. 2, № 2; Теоретическая и математическая физика
Pubblicazione: (1970)
Т. 11, № 2; Теоретическая и математическая физика
Pubblicazione: (1972)
Т. 12, № 2; Теоретическая и математическая физика
Pubblicazione: (1972)